The art of Miyazaki's Spirited away
Provides sketches, backgrounds, and character designs from the film "Spirited away" and includes information about the making of the film as well as the screenplay.
Guardado en:
| Otros Autores: | , , |
|---|---|
| Formato: | Libro |
| Lenguaje: | inglés japonés |
| Publicado: |
San Francisco, California, USA :
Viz Communications, Inc.,
2016.
|
| Materias: | |
| Etiquetas: |
Agregar Etiqueta
Sin Etiquetas, Sea el primero en etiquetar este registro!
|
MARC
| LEADER | 00000nam a22000007a 4500 | ||
|---|---|---|---|
| 003 | CL-VaPUC | ||
| 005 | 20250317162456.0 | ||
| 008 | 250317t2016 ||||| |||| 00| 0 eng d | ||
| 999 | |c 447414 |d 447412 | ||
| 010 | |a 2018303303 | ||
| 020 | |a 1569317771 | ||
| 020 | |a 9781569317778 | ||
| 024 | 7 | |a 99809007818 |2 YBP | |
| 035 | |a (OCoLC)ocm51106369 | ||
| 040 | |c Pontificia Universidad Católica de Valparaíso | ||
| 041 | 1 | |a eng |h jpn | |
| 042 | |a lccopycat | ||
| 043 | |a a-ja--- | ||
| 050 | 0 | 0 | |a NC1766.J3 |b S4613 2002 |
| 082 | 0 | 4 | |a 791.4372 |2 21 |
| 100 | 1 | |a Lu, Alvin |e editor |9 896993 | |
| 130 | 0 | |a Sen to Chihiro no kamikakushi. |l English. |9 896994 | |
| 245 | 1 | 4 | |a The art of Miyazaki's Spirited away |
| 246 | 3 | |a Spirited away | |
| 246 | 3 | |a Art of Spirited away | |
| 260 | |a San Francisco, California, USA : |b Viz Communications, Inc., |c 2016. | ||
| 300 | |a 240 pages : |b ilustraciones. | ||
| 500 | |a c.1.-c.2. Instituto Arcos 8-1-2025. | ||
| 505 | 0 | |a Hayao Miyazaki concept sketch collection -- Concept art, backgrounds, character designs -- The making of computer graphic digital images -- Screenplay. | |
| 520 | |a Provides sketches, backgrounds, and character designs from the film "Spirited away" and includes information about the making of the film as well as the screenplay. | ||
| 583 | |c 20250317 |k Cristina María Rojas Aguilar | ||
| 630 | 0 | 0 | |a Sen to Chihiro no kamikakushi (Película) |9 896995 |
| 650 | 0 | |a Animación (Cinematografía) |z Japón |9 896996 | |
| 650 | 0 | |a Películas animadas |z Japón |x Técnicas |9 896997 | |
| 650 | 0 | |a Películas animadas |z Japón |9 896998 | |
| 650 | 7 | |a Cómics y novelas gráficas |x Manga |x Media Tie-In. |9 896999 | |
| 650 | 7 | |a Anime. |9 897000 | |
| 700 | 1 | |a Oniki, Yuji. |e english text adaptation |9 897001 | |
| 700 | 1 | |a Evers, Izumi |e design & layout |9 897002 | |
| 942 | |2 ddc |c BK |n 1 | ||